000 00517nmm a2200169Ia 4500
008 251105s9999||||xx |||||||||||||||||und||
020 _a9788413052816
041 _aspa
100 _aMárquez de la Plata, Vicenta
245 0 _aMujeres con poder en la historia de España
264 _a[Madrid, España] :
_bEdiciones Nowtilus,
_c2022
300 _a332 páginas
490 _aHistoria Incógnita
650 _aGender and Women Studies
856 _uhttps://public.digitaliapublishing.com/a/171993
942 _cCF
999 _c76368
_d76368